| 000 | 00737nam a22001577a 4500 | ||
|---|---|---|---|
| 003 | OSt | ||
| 005 | 20151007154814.0 | ||
| 008 | 151007b xxu||||| |||| 00| 0 eng d | ||
| 040 | _cRUA | ||
| 082 | _aAVM MOT 1997 B070 Or.1 | ||
| 100 |
_92298 _aMOTH, YONH. |
||
| 245 | _aThe study of feed ration for fattening pig imported breed the pig station of RUA, ការសិក្សាអំពីចំណីទៅលើការចិញ្ចឹមមជ្រូកយកសាច់ពូជនាំចូល នៅស្ថានីយ៍ចិញ្ចឹមសត្វ នៃសាកលវិទ្យាល័យភូមិន្ធកសិកម្ម. | ||
| 260 |
_aphnom phen _bRUA _c1997 |
||
| 300 | _a57p. | ||
| 942 |
_2ddc _cAVM |
||
| 999 |
_c2165 _d2165 |
||